[Event "Zlin Region-chT 2223"]
[Site "Czech Republic"]
[Date "2023.04.02"]
[Round "11.4"]
[White "Ondrusek, Jan"]
[Black "Partys, Petr"]
[Result "1/2-1/2"]
[WhiteElo "1658"]
[BlackElo "2017"]
[PlyCount "54"]
[EventDate "2022.10.09"]
[EventType "team-tourn"]
[EventRounds "11"]
[EventCountry "CZE"]
[SourceTitle "EXT 2024"]
[Source "ChessBase"]
[SourceDate "2023.10.10"]
[SourceVersion "1"]
[SourceVersionDate "2023.10.10"]
[SourceQuality "1"]
[WhiteTeam "Vlcnov  II"]
[BlackTeam "Stare Mesto  III"]
[WhiteTeamCountry "CZE"]
[BlackTeamCountry "CZE"]

1. e4 Nc6 2. Nf3 g6 3. d4 Bg7 4. c3 d6 5. h3 Nf6 6. Bd3 0-0 7. Bg5 h6 8. Be3 e5 9. d5 Ne7 10. Qd2 Kh7 11. Qc2 c6 12. c4 Bd7 13. Nc3 c5 14. 0-0 Nh5 15. g4 Nf4 16. Bxf4 exf4 17. Qd2 Be5 18. Nxe5 dxe5 19. f3 Nc8 20. Qf2 b6 21. a3 Nd6 22. Kg2 Qe7 23. Rh1 Kg7 24. Rag1 a6 25. h4 Rab8 26. b3 Rfc8 27. a4 Rf8 1/2-1/2

[Event "Zlin Region-chT 2223"]
[Site "Czech Republic"]
[Date "2023.02.12"]
[Round "8.8"]
[White "Jakubal, Petr"]
[Black "Ondrusek, Jan"]
[Result "1-0"]
[WhiteElo "1839"]
[BlackElo "1658"]
[PlyCount "67"]
[EventDate "2022.10.09"]
[EventType "team-tourn"]
[EventRounds "11"]
[EventCountry "CZE"]
[SourceTitle "EXT 2024"]
[Source "ChessBase"]
[SourceDate "2023.10.10"]
[SourceVersion "1"]
[SourceVersionDate "2023.10.10"]
[SourceQuality "1"]
[WhiteTeam "Francova Lhota Sokol"]
[BlackTeam "Vlcnov  II"]
[WhiteTeamCountry "CZE"]
[BlackTeamCountry "CZE"]

1. e4 c5 2. Nf3 d6 3. Bb5+ Bd7 4. Bxd7+ Nxd7 5. d4 cxd4 6. Qxd4 Qc7 7. Nc3 Ngf6 8. 0-0 a6 9. Bg5 g6 10. Bxf6 Nxf6 11. Nd5 Qd8 12. Nxf6+ exf6 13. Rad1 Be7 14. Qd5 Qc7 15. c4 0-0 16. Rfe1 Rfd8 17. b3 Rac8 18. Nd4 Qb6 19. Ne2 Rc5 20. Qd4 Rc6 21. Qd3 Qc7 22. Nf4 Qd7 23. Qd4 Qg4 24. Nd3 Rc7 25. h3 Qd7 26. Nf4 Kg7 27. Rd3 Qc6 28. Nd5 Rcd7 29. Rf3 Qc5 30. Qa1 Kh6 31. g4 f5 32. exf5 Bg5 33. f6 Bd2 34. Re2 1-0

[Event "Zlin Region-chT 2223"]
[Site "Czech Republic"]
[Date "2022.12.11"]
[Round "5.7"]
[White "Dvoracek, Roman"]
[Black "Ondrusek, Jan"]
[Result "1/2-1/2"]
[WhiteElo "1622"]
[BlackElo "1658"]
[PlyCount "44"]
[EventDate "2022.10.09"]
[EventType "team-tourn"]
[EventRounds "11"]
[EventCountry "CZE"]
[SourceTitle "EXT 2024"]
[Source "ChessBase"]
[SourceDate "2023.10.10"]
[SourceVersion "1"]
[SourceVersionDate "2023.10.10"]
[SourceQuality "1"]
[WhiteTeam "Usti Sokol"]
[BlackTeam "Vlcnov  II"]
[WhiteTeamCountry "CZE"]
[BlackTeamCountry "CZE"]

1. e4 c5 2. d4 cxd4 3. Qxd4 Nc6 4. Qd1 g6 5. c3 Bg7 6. Nd2 Nf6 7. Ne2 0-0 8. Ng3 d5 9. exd5 Qxd5 10. Qf3 Qe5+ 11. Qe2 Qc7 12. Nde4 Rd8 13. Nxf6+ Bxf6 14. Be3 e5 15. Qc2 Be6 16. Bd3 Rac8 17. Qb1 Be7 18. 0-0 f5 19. Bh6 e4 20. Bc2 Ne5 21. Qe1 Nd3 22. Bxd3 Rxd3 1/2-1/2